|
|
|
|
| LEADER |
00790nab a2200205 i 4500 |
| 001 |
misc61495 |
| 005 |
20220921082010.0 |
| 008 |
220323s1915 hu o 0|| hun d |
| 040 |
|
|
|a SZTE Miscellanea Repozitórium
|b hun
|
| 041 |
|
|
|a hun
|
| 100 |
1 |
|
|a Gombocz Zoltán
|
| 245 |
1 |
0 |
|a Árpádkori török személyneveink
|h [elektronikus dokumentum] /
|c Gombocz Zoltán
|
| 260 |
|
|
|a Magyar Nyelvtudományi Társaság
|b Budapest
|c 1915
|
| 300 |
|
|
|a 49 p.
|c 23 cm
|
| 561 |
|
|
|a Németh Gyula hagyaték
|
| 591 |
|
|
|a J/75 1333; J/75 1332; J/75 1330
|
| 650 |
|
4 |
|a Bölcsészettudományok
|
| 650 |
|
4 |
|a Nyelvek és irodalom
|
| 695 |
|
|
|a Magyar nyelv - keresztnév - 10-13. sz., Magyar nyelvtörténet - tulajdonnév
|
| 856 |
4 |
0 |
|u http://misc.bibl.u-szeged.hu/61495/1/1966_noa_g51.pdf
|z Dokumentum-elérés
|